[Event "GER-chT Christmas U20"]
[Site "Playchess.com INT"]
[Date "2020.12.29"]
[Round "5.3"]
[White "Wolf, Pablo"]
[Black "Elsken Sicard, Fabian"]
[Result "1/2-1/2"]
[WhiteElo "2001"]
[BlackElo "1469"]
[PlyCount "151"]
[EventDate "2020.12.29"]
[EventType "team-swiss (blitz)"]
[EventRounds "7"]
[EventCountry "GER"]
[SourceTitle "CBM 200 Extra"]
[Source "ChessBase"]
[SourceDate "2021.03.31"]
[SourceVersion "1"]
[SourceVersionDate "2021.03.31"]
[SourceQuality "1"]
[WhiteTeam "Bamberg"]
[BlackTeam "Rostock Makkabi"]
[WhiteTeamCountry "GER"]
[BlackTeamCountry "GER"]

1. e4 c5 2. Nc3 Nc6 3. g3 g6 4. Bg2 Bg7 5. d3 e6 6. Be3 b6 7. f4 Nge7 8. e5 d6 9. exd6 Qxd6 10. Nf3 0-0 11. 0-0 Bb7 12. Ne4 Qc7 13. Rb1 Nd5 14. Bf2 Rfe8 15. Qe2 e5 16. fxe5 Nxe5 17. Nxe5 Bxe5 18. Qd2 Rad8 19. c3 Nf6 20. Nxf6+ Bxf6 21. Be3 Bxg2 22. Kxg2 Qd7 23. Rxf6 Qd5+ 24. Rf3 Re5 25. Rbf1 Rde8 26. Kg1 Qe6 27. Bh6 Re2 28. Qf4 f5 29. Qc7 Re7 30. Qb8+ Re8 31. Qxa7 Re7 32. Qb8+ Re8 33. Qc7 Re7 34. Qf4 Rxb2 35. Qe3 Qxa2 36. R3f2 Rxe3 37. Bxe3 Rxf2 38. Bxf2 Qd2 39. d4 Qxc3 40. dxc5 bxc5 41. Rd1 Qe5 42. Rd8+ Kf7 43. Rd7+ Kg8 44. Rd8+ Kg7 45. Rc8 c4 46. Rxc4 Qa1+ 47. Kg2 Qa8+ 48. Kg1 g5 49. Rc5 Kg6 50. Rc7 Qe4 51. Ra7 h6 52. Ra6+ Kh5 53. Ra3 f4 54. gxf4 Qxf4 55. Rh3+ Kg6 56. Rg3 Qc1+ 57. Kg2 Qc6+ 58. Kg1 h5 59. Be3 g4 60. h3 Qd6 61. Bf2 Kf5 62. hxg4+ hxg4 63. Re3 Qd2 64. Rg3 Qc1+ 65. Kg2 Qf4 66. Kg1 Qe4 67. Re3 Qb1+ 68. Kg2 Qb7+ 69. Kg1 Qf3 70. Rxf3+ gxf3 71. Kh2 Kf4 72. Bg3+ Ke4 73. Bf2 Kd3 74. Kg3 Ke2 75. Bg1 f2 76. Bxf2 1/2-1/2

[Event "Bamberg op 2nd"]
[Site "Bamberg"]
[Date "2019.06.01"]
[Round "6"]
[White "Wolf, Pablo"]
[Black "Boehme, Sebastian1111"]
[Result "0-1"]
[WhiteElo "1976"]
[BlackElo "2103"]
[PlyCount "78"]
[EventDate "2019.05.29"]
[EventType "swiss"]
[EventRounds "7"]
[EventCountry "GER"]
[SourceTitle "CBM 190 Extra"]
[Source "ChessBase"]
[SourceDate "2019.07.15"]
[SourceVersion "1"]
[SourceVersionDate "2019.07.15"]
[SourceQuality "1"]

1. e4 c6 2. Ne2 d5 3. e5 Bf5 4. Ng3 Bg6 5. h4 h5 6. d4 e6 7. Be2 Be7 8. Nxh5 Bxh5 9. Bxh5 c5 10. Qg4 Kf8 11. Rh3 Nh6 12. Bxh6 Rxh6 13. Rf3 f5 14. exf6 Bxf6 15. dxc5 Nc6 16. Rf4 e5 17. Ra4 Nd4 18. Na3 g6 19. Bxg6 Rxh4 20. Rxd4 exd4 21. Qe6 Qe7 22. Qxe7+ Bxe7 23. 0-0-0 Rg4 24. Bf5 Bg5+ 25. Kb1 Rxg2 26. Nb5 Rxf2 27. Be6 Re8 28. Bxd5 d3 29. cxd3 Ree2 30. Nxa7 Bf6 31. Rg1 Rxb2+ 32. Kc1 Bg7 33. Rxg7 Kxg7 34. Bb3 Rbe2 35. Kd1 Rh2 36. Nb5 Reg2 37. Kc1 Rg1+ 38. Bd1 Rxa2 39. Nc3 Ra3 0-1

[Event "Regionalliga Nord-West 1819"]
[Site "Bayern"]
[Date "2019.02.24"]
[Round "7.2"]
[White "Wolf, Pablo"]
[Black "Junker, Magnus"]
[Result "0-1"]
[WhiteElo "1938"]
[BlackElo "2107"]
[PlyCount "116"]
[EventDate "2018.10.21"]
[EventType "team-tourn"]
[EventRounds "9"]
[EventCountry "GER"]
[SourceTitle "EXT 2022"]
[Source "ChessBase"]
[SourceDate "2021.10.06"]
[SourceVersion "1"]
[SourceVersionDate "2021.10.06"]
[SourceQuality "1"]
[WhiteTeam "Bamberg SC II"]
[BlackTeam "Sailauf"]
[WhiteTeamCountry "GER"]
[BlackTeamCountry "GER"]

1. e4 d5 2. exd5 Nf6 3. d4 Nxd5 4. c4 Nb6 5. Nc3 Nc6 6. d5 Ne5 7. Bf4 Ng6 8. Bg3 e6 9. dxe6 Bxe6 10. Qxd8+ Rxd8 11. Bxc7 Rc8 12. Bxb6 axb6 13. Nf3 Bb4 14. Rc1 0-0 15. a3 Bd6 16. Nd4 Rfe8 17. Be2 Nf4 18. 0-0 Nxe2+ 19. Ndxe2 Bxc4 20. Rfe1 Be5 21. g3 Bb3 22. Kg2 g6 23. Ng1 Bf6 24. Rxe8+ Rxe8 25. Nge2 Kg7 26. Kf3 h5 27. Nf4 Rd8 28. Re1 Rd7 29. Re3 Bc4 30. Re4 b5 31. Re3 Bd4 32. Re1 Bc5 33. Rd1 Re7 34. Nfd5 Re5 35. Ne3 Be6 36. Ncd5 Rxd5 37. Rxd5 Bxe3 38. Rxb5 Bc1 39. Ke4 Bd7 40. Rb4 Kf6 41. Kd5 Bc6+ 42. Kd6 g5 43. Kc7 Bd2 44. Rd4 Ba5+ 45. Kd6 Bb6 46. Rd2 Kf5 47. b4 Kg4 48. b5 Bf3 49. a4 Kh3 50. Ra2 Ba5 51. Ke5 Kxh2 52. Kf5 h4 53. gxh4 gxh4 54. Kf4 Kg2 55. Ra3 Bd2+ 56. Kf5 h3 57. a5 h2 58. Ra1 Bxa5 0-1

[Event "Bayern-chI Bank Hofmann 22nd"]
[Site "Tegernsee"]
[Date "2018.11.02"]
[Round "7"]
[White "Kutzner, Stephen"]
[Black "Wolf, Pablo"]
[Result "0-1"]
[WhiteElo "2205"]
[BlackElo "1983"]
[PlyCount "122"]
[EventDate "2018.10.27"]
[EventType "swiss"]
[EventRounds "9"]
[EventCountry "GER"]
[SourceTitle "CBM 187 Extra"]
[Source "ChessBase"]
[SourceDate "2018.11.04"]
[SourceVersion "1"]
[SourceVersionDate "2018.11.04"]
[SourceQuality "1"]

1. e4 c5 2. Nf3 d6 3. d4 cxd4 4. Nxd4 Nf6 5. Nc3 a6 6. Bg5 e6 7. f4 Be7 8. Qf3 Qc7 9. 0-0-0 0-0 10. g4 b5 11. Bxf6 Bxf6 12. g5 Bxd4 13. Rxd4 Nc6 14. Rd3 b4 15. Nd1 Bb7 16. Qh5 Na5 17. Rh3 Bxe4 18. Bd3 Bxd3 19. Rxd3 Rfc8 20. c3 Qc4 21. Rh3 Qxf4+ 22. Ne3 Qe4 23. Rf1 Qg6 24. Qf3 bxc3 25. b3 Nc6 26. Qf4 Ne5 27. Ng4 Nxg4 28. Qxg4 Rc5 29. Rg3 c2 30. h4 Rd5 31. h5 Rd1+ 32. Rxd1 cxd1Q+ 33. Qxd1 Qe4 34. Qxd6 Qh1+ 35. Kb2 Qxh5 36. Qc6 Rf8 37. Ka3 Qd1 38. Rc3 Qd2 39. Rc4 Qxg5 40. Qxa6 h5 41. Rc8 Qe7+ 42. b4 h4 43. Kb3 h3 44. Rc3 Qh4 45. Qf1 h2 46. Rh3 Qg4 47. Qd3 Qf5 48. Qxf5 exf5 49. a4 f4 50. Rxh2 g5 51. Rf2 f5 52. Kc2 Kf7 53. Kd1 Ke6 54. a5 Ra8 55. Ra2 f3 56. a6 g4 57. b5 g3 58. Ke1 f2+ 59. Ke2 Kd5 60. a7 Re8+ 61. Kf1 Ra8 0-1

[Event "Oberfranken-ch"]
[Site "Schney"]
[Date "2018.01.05"]
[Round "5.1"]
[White "Wolf, Pablo"]
[Black "Kolb, Tobias"]
[Result "1/2-1/2"]
[WhiteElo "1940"]
[BlackElo "1642"]
[PlyCount "98"]
[EventDate "2018.01.03"]
[EventType "swiss"]
[EventRounds "7"]
[EventCountry "GER"]
[SourceTitle "EXT 2022"]
[Source "ChessBase"]
[SourceDate "2021.10.06"]
[SourceVersion "1"]
[SourceVersionDate "2021.10.06"]
[SourceQuality "1"]

1. e4 d5 2. exd5 Qxd5 3. Nc3 Qd6 4. d4 c6 5. Nf3 Nf6 6. g3 Bg4 7. Bg2 e6 8. 0-0 Qc7 9. Re1 Be7 10. Bf4 Bd6 11. Bxd6 Qxd6 12. Ne4 Nxe4 13. Rxe4 Bf5 14. Re1 Nd7 15. Nh4 0-0 16. c3 Nf6 17. Re5 Bg6 18. Qd2 Nd7 19. Nxg6 hxg6 20. Re4 Rad8 21. Qg5 Rfe8 22. Rae1 Qd5 23. Qxd5 cxd5 24. R4e2 Nf6 25. f3 b5 26. Kf2 Rb8 27. Rc1 Rec8 28. Rec2 Ne8 29. b3 Nd6 30. Bf1 Kf8 31. Ke3 Ke8 32. Bd3 Kd7 33. c4 bxc4 34. bxc4 dxc4 35. Bxc4 Rb4 36. Kd3 Rbxc4 37. Rxc4 Rxc4 38. Rxc4 Nxc4 39. Kxc4 Kc6 40. f4 f6 41. g4 g5 42. fxg5 fxg5 43. a3 a6 44. a4 a5 45. Kc3 Kc7 46. Kd3 Kd7 47. Ke3 Ke7 48. Kf3 Kd7 49. Ke3 Ke7 1/2-1/2

[Event "Bayern-chI Bank Hofmann 21st"]
[Site "Tegernsee"]
[Date "2017.10.30"]
[Round "3"]
[White "Seyb, Alexander"]
[Black "Wolf, Pablo"]
[Result "1-0"]
[WhiteElo "2403"]
[BlackElo "1940"]
[PlyCount "83"]
[EventDate "2017.10.28"]
[EventType "swiss"]
[EventRounds "9"]
[EventCountry "GER"]
[SourceTitle "CBM 181 Extra"]
[Source "ChessBase"]
[SourceDate "2017.12.12"]
[SourceVersion "1"]
[SourceVersionDate "2017.12.12"]
[SourceQuality "1"]

1. e4 c5 2. Nf3 d6 3. d4 cxd4 4. Nxd4 Nf6 5. Nc3 a6 6. f3 e5 7. Nb3 Be6 8. Be3 Be7 9. Qd2 Nbd7 10. g4 0-0 11. 0-0-0 b5 12. Rg1 Nb6 13. g5 Ne8 14. Nd5 Nxd5 15. exd5 Bf5 16. Na5 Qd7 17. Bd3 g6 18. Nc6 Bd8 19. Bxf5 Qxf5 20. Bb6 Qd7 21. Bxd8 Rxd8 22. Nxd8 Qxd8 23. Qc3 a5 24. Qc6 b4 25. Rd3 Ng7 26. Kb1 Nh5 27. h4 Nf4 28. Rd2 Qb8 29. Qa6 Qc7 30. Qc6 Qb8 31. Qc4 Rc8 32. Qe4 Qb5 33. Rgd1 Rc4 34. Qe1 a4 35. Qf1 b3 36. cxb3 axb3 37. a3 Qa4 38. Rc1 Rd4 39. Rxd4 Qxd4 40. Qc4 Qe3 41. Qc3 Qb6 42. Qb4 1-0

[Event "Oberfranken-ch U16"]
[Site "Schney"]
[Date "2017.01.05"]
[Round "6.1"]
[White "Sesselmann, Christoph"]
[Black "Wolf, Pablo"]
[Result "1/2-1/2"]
[WhiteElo "1337"]
[BlackElo "1928"]
[PlyCount "48"]
[EventDate "2017.01.03"]
[EventType "swiss"]
[EventRounds "7"]
[EventCountry "GER"]
[SourceTitle "EXT 2024"]
[Source "ChessBase"]
[SourceDate "2023.10.10"]
[SourceVersion "1"]
[SourceVersionDate "2023.10.10"]
[SourceQuality "1"]

1. f4 e5 2. fxe5 d6 3. exd6 Bxd6 4. Nf3 g5 5. g3 g4 6. Nh4 Ne7 7. d4 Ng6 8. Nxg6 hxg6 9. Qd3 Qe7 10. Bg2 Nc6 11. c3 Bd7 12. Qe3 0-0-0 13. Qxe7 Bxe7 14. Nd2 Rh5 15. Nb3 Rdh8 16. 0-0 f5 17. e4 a5 18. Be3 a4 19. Nd2 Rxh2 20. Kf2 Bd6 21. Rh1 R8h3 22. e5 Be7 23. Rxh2 Rxh2 24. Rh1 Rxh1 1/2-1/2

[Event "Oberfranken-ch U16"]
[Site "Schney"]
[Date "2017.01.03"]
[Round "2.1"]
[White "Knauer, Finn"]
[Black "Wolf, Pablo"]
[Result "0-1"]
[WhiteElo "1493"]
[BlackElo "1928"]
[PlyCount "104"]
[EventDate "2017.01.03"]
[EventType "swiss"]
[EventRounds "7"]
[EventCountry "GER"]
[SourceTitle "EXT 2024"]
[Source "ChessBase"]
[SourceDate "2023.10.10"]
[SourceVersion "1"]
[SourceVersionDate "2023.10.10"]
[SourceQuality "1"]

1. d4 d5 2. Nf3 Nf6 3. e3 e6 4. b3 c5 5. Bb2 Nbd7 6. Nbd2 b6 7. Be2 Be7 8. 0-0 0-0 9. c4 Bb7 10. Rc1 Rc8 11. Ne5 Ne8 12. f4 Nd6 13. Bg4 f5 14. Be2 Ne4 15. Nxe4 dxe4 16. Nxd7 Qxd7 17. dxc5 Qxd1 18. Rcxd1 Bxc5 19. Bd4 Rfd8 20. Bxc5 bxc5 21. Rxd8+ Rxd8 22. Rd1 Rxd1+ 23. Bxd1 Kf7 24. Kf2 Kf6 25. h4 h6 26. h5 e5 27. Kg3 Bc6 28. Be2 a5 29. a4 Be8 30. Bd1 Bd7 31. Be2 g5 32. hxg6 Kxg6 33. Kf2 exf4 34. exf4 h5 35. g3 Kh6 36. Bd1 Be8 37. Be2 Bd7 38. Bd1 h4 39. gxh4 Be8 40. Be2 Bh5 41. Bf1 Bd1 42. Bh3 Kg6 43. h5+ Bxh5 44. Ke1 Bg4 45. Bg2 Bf3 46. Bh3 e3 47. Bf1 Kh5 48. Be2 Kg4 49. Bxf3+ Kxf3 50. Kf1 e2+ 51. Ke1 Ke3 52. b4 axb4 0-1

[Event "Oberfranken-ch U16"]
[Site "Schney"]
[Date "2017.01.03"]
[Round "1.1"]
[White "Wolf, Pablo"]
[Black "Fischer, Lukas1111"]
[Result "1-0"]
[WhiteElo "1928"]
[BlackElo "1624"]
[PlyCount "57"]
[EventDate "2017.01.03"]
[EventType "swiss"]
[EventRounds "7"]
[EventCountry "GER"]
[SourceTitle "EXT 2024"]
[Source "ChessBase"]
[SourceDate "2023.10.10"]
[SourceVersion "1"]
[SourceVersionDate "2023.10.10"]
[SourceQuality "1"]

1. e4 e5 2. Nc3 Nc6 3. g3 Nf6 4. Bg2 Bb4 5. Nge2 0-0 6. 0-0 d6 7. d3 h6 8. h3 Be6 9. Kh2 Qd7 10. f4 Rac8 11. f5 Bxf5 12. Rxf5 Bxc3 13. Nxc3 Nd4 14. Rxf6 gxf6 15. Bxh6 Rfe8 16. Nd5 Qe6 17. h4 c6 18. Ne3 f5 19. Qh5 Qf6 20. Nxf5 Nxf5 21. exf5 d5 22. Qg4+ Kh7 23. Bg5 Qg7 24. f6 Qg6 25. h5 Qg8 26. Qf5+ Kh8 27. Bh6 Qh7 28. Bg7+ Kg8 29. Bh3 1-0

[Event "Oberfranken-ch U16"]
[Site "Schney"]
[Date "2016.01.05"]
[Round "5"]
[White "Wolf, Pablo"]
[Black "Werner, Sebastian1111"]
[Result "1-0"]
[WhiteElo "1846"]
[BlackElo "1352"]
[PlyCount "137"]
[EventDate "2016.01.03"]
[EventType "swiss"]
[EventRounds "7"]
[EventCountry "GER"]
[SourceTitle "EXT 2019"]
[Source "ChessBase"]
[SourceDate "2018.10.10"]
[SourceVersion "1"]
[SourceVersionDate "2018.10.10"]
[SourceQuality "1"]

1. e4 c5 2. Nc3 Nc6 3. g3 e6 4. Bg2 Nf6 5. f4 d5 6. e5 Nd7 7. Nf3 f6 8. Bh3 Nb6 9. Qe2 f5 10. g4 g6 11. gxf5 gxf5 12. Ng5 h5 13. Bg2 Nd4 14. Qd1 Be7 15. h4 Bd7 16. Ne2 Nc6 17. Bf3 Qc7 18. Nc3 0-0-0 19. Nf7 d4 20. Nb5 Qb8 21. Nfd6+ Bxd6 22. Nxd6+ Kc7 23. Nf7 Nd5 24. Nxh8 Rxh8 25. d3 Qe8 26. Rg1 Qe7 27. Rg5 Be8 28. Qe2 Ndb4 29. a3 Na6 30. Bd2 Nd8 31. Qg2 Nf7 32. Rg7 Qxh4+ 33. Qg3 Qxg3+ 34. Rxg3 Nh6 35. 0-0-0 Ng4 36. Rh1 Nb8 37. Bxg4 fxg4 38. Rxg4 hxg4 39. Rxh8 Bg6 40. Kd1 Nc6 41. Ke2 Ne7 42. b3 Kd7 43. Kf2 Nf5 44. Rg8 Bh5 45. c4 Kc6 46. Rg5 g3+ 47. Kg2 Bg6 48. Kf1 Bh7 49. Ke2 a6 50. Be1 Ne3 51. Rxg3 Nc2 52. Kd2 Nxa3 53. Kc1 b5 54. Ba5 bxc4 55. bxc4 Bxd3 56. Rxd3 Nxc4 57. Kc2 Nxa5 58. Ra3 Kb6 59. Rxa5 Kxa5 60. f5 exf5 61. e6 Kb4 62. e7 c4 63. e8Q d3+ 64. Kd2 a5 65. Qb8+ Ka3 66. Kc3 f4 67. Qb2+ Ka4 68. Kxc4 d2 69. Qb3# 1-0

[Event "Oberfranken-ch U16"]
[Site "Schney"]
[Date "2016.01.04"]
[Round "3"]
[White "Wolf, Pablo"]
[Black "Fischer, Lukas1111"]
[Result "1-0"]
[WhiteElo "1846"]
[BlackElo "1152"]
[PlyCount "85"]
[EventDate "2016.01.03"]
[EventType "swiss"]
[EventRounds "7"]
[EventCountry "GER"]
[SourceTitle "EXT 2019"]
[Source "ChessBase"]
[SourceDate "2018.10.10"]
[SourceVersion "1"]
[SourceVersionDate "2018.10.10"]
[SourceQuality "1"]

1. e4 e5 2. Nc3 Bb4 3. Nge2 d6 4. g3 Bg4 5. Bg2 Bxc3 6. bxc3 Bxe2 7. Qxe2 Nf6 8. 0-0 0-0 9. d3 Nbd7 10. f4 Qe7 11. Rb1 b6 12. Ba3 c5 13. Rbe1 Rfe8 14. Bc1 Qe6 15. a3 a5 16. f5 Qe7 17. g4 Nb8 18. g5 Nfd7 19. Qg4 f6 20. h4 Rf8 21. Rf3 fxg5 22. hxg5 g6 23. f6 Qf7 24. Rh3 Nxf6 25. gxf6 Qxf6 26. Rf1 Qe7 27. Rxf8+ Qxf8 28. Qe6+ Kh8 29. Qxg6 Qg7 30. Qxg7+ Kxg7 31. Rg3+ Kf6 32. Bh3 Nc6 33. Bf5 b5 34. Bxh7 b4 35. Rg6+ Ke7 36. Bg5+ Kf7 37. cxb4 cxb4 38. axb4 Nxb4 39. Rxd6 a4 40. Rd7+ Ke8 41. Rg7 Rc8 42. Rg8+ Kd7 43. Bf5+ 1-0

[Event "Oberfranken-ch U16"]
[Site "Schney"]
[Date "2016.01.03"]
[Round "2"]
[White "Voelker, Daniel"]
[Black "Wolf, Pablo"]
[Result "0-1"]
[WhiteElo "1318"]
[BlackElo "1846"]
[PlyCount "94"]
[EventDate "2016.01.03"]
[EventType "swiss"]
[EventRounds "7"]
[EventCountry "GER"]
[SourceTitle "EXT 2019"]
[Source "ChessBase"]
[SourceDate "2018.10.10"]
[SourceVersion "1"]
[SourceVersionDate "2018.10.10"]
[SourceQuality "1"]

1. d4 d5 2. Nf3 Nf6 3. Bf4 e6 4. c4 Bd7 5. Nc3 Bb4 6. e3 c5 7. dxc5 Qa5 8. Be5 Ba4 9. Qd3 Nbd7 10. Bxf6 Nxf6 11. a3 Bxc3+ 12. Qxc3 Qxc3+ 13. bxc3 Ne4 14. cxd5 exd5 15. c4 dxc4 16. Bxc4 Nxc5 17. Rc1 b6 18. 0-0 0-0 19. Nd4 Rac8 20. Bb5 Bxb5 21. Nxb5 a6 22. Nd4 Rc7 23. Nb3 Rfc8 24. Nxc5 Rxc5 25. Rxc5 Rxc5 26. Rd1 f6 27. g3 Rc3 28. Rd6 Rb3 29. a4 a5 30. Rd7 h5 31. h4 Rb4 32. Rb7 Kh7 33. Kg2 Kg6 34. Kf3 Kf5 35. Rxg7 Rxa4 36. Rb7 Rb4 37. e4+ Kg6 38. Ke3 a4 39. f4 a3 40. Ra7 Rb3+ 41. Kd4 Rxg3 42. f5+ Kh6 43. Ra6 Rb3 44. e5 Rb4+ 45. Kd5 Rb5+ 46. Kc6 Ra5 47. Rxa5 bxa5 0-1

[Event "Oberfranken-ch U16"]
[Site "Schney"]
[Date "2016.01.03"]
[Round "1"]
[White "Wolf, Pablo"]
[Black "Koedel, Christian"]
[Result "1-0"]
[WhiteElo "1846"]
[BlackElo "1272"]
[PlyCount "75"]
[EventDate "2016.01.03"]
[EventType "swiss"]
[EventRounds "7"]
[EventCountry "GER"]
[SourceTitle "EXT 2019"]
[Source "ChessBase"]
[SourceDate "2018.10.10"]
[SourceVersion "1"]
[SourceVersionDate "2018.10.10"]
[SourceQuality "1"]

1. e4 e5 2. Nc3 Nc6 3. g3 Nf6 4. Bg2 Bc5 5. Nge2 0-0 6. 0-0 d6 7. d3 Be6 8. h3 Qd7 9. Kh2 Nd4 10. f4 Qe7 11. f5 Bd7 12. g4 c6 13. g5 Ne8 14. Nxd4 Bxd4 15. Qh5 f6 16. g6 h6 17. Ne2 Bb6 18. c3 c5 19. Be3 Nc7 20. Rf3 d5 21. Rg3 Bc6 22. Rg4 d4 23. cxd4 cxd4 24. Bd2 Bb5 25. Ng3 Bxd3 26. Bxh6 gxh6 27. g7 Rf7 28. Qxh6 Rxg7 29. Nh5 Ne8 30. Nxg7 Nxg7 31. Bf3 Rf8 32. Rag1 Rf7 33. Rh4 Rf8 34. Qh7+ Kf7 35. Rxg7+ Ke8 36. Rxe7+ Kd8 37. Rxb7 Kc8 38. Qd7# 1-0

[Event "Landesliga Nord 1415"]
[Site "Bayern"]
[Date "2015.03.15"]
[Round "8.8"]
[White "Wolf, Pablo"]
[Black "Singer, Michael"]
[Result "0-1"]
[WhiteElo "1770"]
[BlackElo "1857"]
[PlyCount "56"]
[EventDate "2014.10.19"]
[EventType "team-tourn"]
[EventRounds "9"]
[EventCountry "GER"]
[SourceTitle "EXT 2018"]
[Source "ChessBase"]
[SourceDate "2017.10.13"]
[SourceVersion "1"]
[SourceVersionDate "2017.10.13"]
[SourceQuality "1"]
[WhiteTeam "Bamberg SC"]
[BlackTeam "Kelheim"]
[WhiteTeamCountry "GER"]
[BlackTeamCountry "GER"]

1. e4 e6 2. d4 d5 3. Nc3 dxe4 4. Nxe4 Nd7 5. Nf3 Ngf6 6. Nxf6+ Nxf6 7. Bc4 Be7 8. 0-0 0-0 9. c3 b6 10. Ne5 Bb7 11. f3 c5 12. Be3 Qc7 13. Bb3 Rad8 14. Qe2 Nd5 15. Bf2 Bd6 16. Bg3 Kh8 17. c4 Nf6 18. dxc5 Qxc5+ 19. Qf2 Qxf2+ 20. Kxf2 Nh5 21. Rfe1 Nxg3 22. hxg3 Bc5+ 23. Kf1 f6 24. Ng4 h5 25. Nf2 Rd2 26. Re2 Rfd8 27. Ke1 Bb4 28. Rd1 Rxd1# 0-1

[Event "Erfurt HT op 24th"]
[Site "Erfurt"]
[Date "2014.12.27"]
[Round "3"]
[White "Oshionwu, Nelo"]
[Black "Wolf, Pablo"]
[Result "1-0"]
[WhiteElo "1902"]
[BlackElo "1734"]
[PlyCount "63"]
[EventDate "2014.12.26"]
[EventType "swiss"]
[EventRounds "8"]
[EventCountry "GER"]
[SourceTitle "CBM 164 Extra"]
[Source "ChessBase"]
[SourceDate "2015.03.02"]
[SourceVersion "1"]
[SourceVersionDate "2015.03.02"]
[SourceQuality "1"]

1. e4 c5 2. g4 d6 3. Bg2 Nc6 4. Nc3 g6 5. f4 e5 6. f5 gxf5 7. exf5 Qh4+ 8. Kf1 Qd8 9. Nge2 h5 10. Ng3 hxg4 11. Qxg4 Nf6 12. Qc4 Nh5 13. Nce2 Nd4 14. Nxd4 Nxg3+ 15. hxg3 Rxh1+ 16. Bxh1 cxd4 17. Qb5+ Bd7 18. Qxb7 Rc8 19. Bd5 Rc7 20. Qb3 Bxf5 21. d3 Qf6 22. Kg1 Qg6 23. Kf2 Bh3 24. Qb8+ Rc8 25. Qb5+ Bd7 26. Qb3 Qf5+ 27. Kg1 Qg6 28. Kf2 Bh3 29. Bd2 Qf6+ 30. Kg1 Be7 31. Qa4+ Kf8 32. b4 1-0

[Event "Schweinfurt op 23rd"]
[Site "Schweinfurt"]
[Date "2013.05.30"]
[Round "1"]
[White "Neubauer, Jaroslaus"]
[Black "Wolf, Pablo"]
[Result "1-0"]
[WhiteElo "2027"]
[BlackElo "1506"]
[PlyCount "65"]
[EventDate "2013.05.30"]
[EventType "swiss"]
[EventRounds "7"]
[EventCountry "GER"]
[SourceTitle "CBM 154 Extra"]
[Source "ChessBase"]
[SourceDate "2013.06.25"]
[SourceVersion "2"]
[SourceVersionDate "2013.06.25"]
[SourceQuality "1"]

1. e4 c5 2. Nc3 d6 3. f4 Nf6 4. Nf3 Nc6 5. Bc4 e6 6. d3 Be7 7. 0-0 a6 8. a4 0-0 9. h3 Bd7 10. Qe1 Na5 11. Ba2 b5 12. axb5 axb5 13. Bd2 b4 14. Ne2 Bc6 15. Ng3 Bb5 16. f5 e5 17. Bd5 Nxd5 18. exd5 Nb7 19. Rxa8 Qxa8 20. Ne4 f6 21. b3 Nd8 22. Qg3 Nf7 23. Nh2 Qxd5 24. Ng4 Kh8 25. Qh4 Qb7 26. Rf3 d5 27. Nexf6 Ng5 28. Bxg5 gxf6 29. Nxf6 Bxf6 30. Bxf6+ Rxf6 31. Qxf6+ Qg7 32. Qb6 Qd7 33. Rg3 1-0

[Event "GER-ch U12"]
[Site "Oberhof"]
[Date "2013.05.23"]
[Round "8"]
[White "Arnhold, Steffi"]
[Black "Wolf, Pablo"]
[Result "1/2-1/2"]
[WhiteElo "1273"]
[BlackElo "1506"]
[PlyCount "106"]
[EventDate "2013.05.19"]
[EventType "swiss"]
[EventRounds "11"]
[EventCountry "GER"]
[SourceTitle "CBM 154 Extra"]
[Source "ChessBase"]
[SourceDate "2013.06.25"]
[SourceVersion "2"]
[SourceVersionDate "2013.06.25"]
[SourceQuality "1"]

1. e4 c5 2. Nf3 d6 3. d4 cxd4 4. Nxd4 Nf6 5. Nc3 a6 6. Be2 e5 7. Nb3 Be6 8. 0-0 Be7 9. f4 0-0 10. f5 Bd7 11. Bc4 Qc7 12. Bd5 Nc6 13. Be3 Nb4 14. Rf2 Nbxd5 15. Nxd5 Nxd5 16. Qxd5 Bc6 17. Qd3 Rfd8 18. c4 Rac8 19. Nd2 b5 20. b3 bxc4 21. bxc4 Rb8 22. Rff1 Rb7 23. Rab1 Rdb8 24. Rxb7 Rxb7 25. Rb1 Qb8 26. Nb3 Rb4 27. Rd1 f6 28. c5 Bxe4 29. Qxa6 Bc2 30. Rd2 Bxb3 31. axb3 Rxb3 32. cxd6 Bf8 33. d7 Rxe3 34. d8Q Qb1+ 35. Qf1 Re1 36. Rd1 Rxf1+ 37. Rxf1 Qb3 38. Qd2 Qb6+ 39. Kh1 e4 40. Rd1 e3 41. Qd5+ Kh8 42. Qd8 Qc5 43. Re1 Qa3 44. Qe8 Kg8 45. Qxe3 Qxe3 46. Rxe3 g6 47. g4 gxf5 48. gxf5 Kg7 49. Re6 Bc5 50. Kg2 Bd4 51. Kf3 Be5 52. h4 Kh6 53. Kg4 Ba1 1/2-1/2

[Event "GER-ch U12"]
[Site "Oberhof"]
[Date "2013.05.22"]
[Round "7"]
[White "Wolf, Pablo"]
[Black "Poetsch, Leonore"]
[Result "1/2-1/2"]
[WhiteElo "1506"]
[BlackElo "1468"]
[PlyCount "54"]
[EventDate "2013.05.19"]
[EventType "swiss"]
[EventRounds "11"]
[EventCountry "GER"]
[SourceTitle "CBM 154 Extra"]
[Source "ChessBase"]
[SourceDate "2013.06.25"]
[SourceVersion "2"]
[SourceVersionDate "2013.06.25"]
[SourceQuality "1"]

1. e4 e6 2. d3 d5 3. Nd2 Nf6 4. Ngf3 c5 5. g3 Nc6 6. Bg2 Be7 7. 0-0 0-0 8. Re1 Rb8 9. e5 Nd7 10. Nf1 f6 11. exf6 Nxf6 12. Qe2 Bd6 13. Be3 e5 14. Rad1 Bg4 15. h3 Bf5 16. Bg5 Qd7 17. g4 Be6 18. Bxf6 Rxf6 19. Ng5 Nd4 20. Qd2 Rbf8 21. Nxe6 Qxe6 22. Ne3 Nf3+ 23. Bxf3 Rxf3 24. Kg2 Qg6 25. Qe2 h5 26. Qxf3 Rxf3 27. Kxf3 e4+ 1/2-1/2